[Event "Qatar Masters Open 2023"]
[Site "Doha QAT"]
[Date "2023.10.17"]
[Round "6.63"]
[White "Aziz, Husain"]
[Black "Jaiveer, Mahendru"]
[Result "1-0"]
[WhiteTitle "IM"]
[BlackTitle "FM"]
[WhiteElo "2328"]
[BlackElo "2393"]
[WhiteFideId "12100293"]
[BlackFideId "25611151"]
[EventDate "2023.10.11"]

1. d4 Nf6 2. c4 g6 3. Nc3 Bg7 4. e4 d6 5. Be2 O-O 6. Nf3 e5 7. O-O Na6 8. Re1
Nh5 9. Bg5 Qe8 10. Qd2 c6 11. Rad1 f6 12. Be3 f5 13. Bh6 Rf7 14. Bxg7 Nxg7 15.
dxe5 dxe5 16. Qd6 Re7 17. c5 f4 18. Bc4+ Kh8 19. h3 Nh5 20. a3 b6 21. b4 bxc5
22. b5 Nc7 23. bxc6 Ba6 24. Qxc5 Bxc4 25. Qxc4 Re6 26. Rd7 Re7 27. Nd5 Nxd5 28.
Qxd5 Nf6 29. Rxe7 Qxe7 30. Qxe5 Qxe5 31. Nxe5 Re8 32. Nf7+ Kg7 33. Nd6 Re7 34.
Rc1 1-0

[Event "Qatar Masters Open 2023"]
[Site "Doha QAT"]
[Date "2023.10.17"]
[Round "6.64"]
[White "Dushyant, Sharma"]
[Black "Muthaiah, AL"]
[Result "1/2-1/2"]
[WhiteTitle "IM"]
[BlackTitle "IM"]
[WhiteElo "2339"]
[BlackElo "2470"]
[WhiteFideId "25065130"]
[BlackFideId "5092442"]
[EventDate "2023.10.11"]

1. e4 c5 2. Nf3 d6 3. d4 cxd4 4. Nxd4 Nf6 5. Nc3 Nc6 6. Bg5 e6 7. Qd3 Be7 8.
O-O-O O-O 9. f4 Qb6 10. Nxc6 bxc6 11. e5 dxe5 12. fxe5 Rd8 13. Qh3 Rxd1+ 14.
Nxd1 Nd5 15. Bxe7 Nxe7 16. Bd3 g6 17. Nc3 Rb8 18. b3 Qd4 19. Ne4 Qxe5 20. Qh4
Nd5 21. Rf1 Qc7 22. Bc4 Qe7 23. Qg3 Qc7 24. Nf6+ Kf8 25. Qh4 Qe5 26. Nxd5 cxd5
27. Qd8+ Kg7 28. Qe7 Qa1+ 29. Kd2 Qd4+ 30. Kc1 Qa1+ 31. Kd2 Qd4+ 32. Ke2 Qe5+
33. Kd1 Qa1+ 34. Kd2 1/2-1/2

[Event "Qatar Masters Open 2023"]
[Site "Doha QAT"]
[Date "2023.10.17"]
[Round "6.65"]
[White "Msellek, Ilyass"]
[Black "Priyanka, Nutakki"]
[Result "1-0"]
[WhiteTitle "IM"]
[BlackTitle "WGM"]
[WhiteElo "2411"]
[BlackElo "2315"]
[WhiteFideId "675938"]
[BlackFideId "25049615"]
[EventDate "2023.10.11"]

1. e4 c6 2. d4 d5 3. Nc3 dxe4 4. Nxe4 Nf6 5. Nxf6+ exf6 6. c3 Bd6 7. Bd3 O-O 8.
Qc2 Re8+ 9. Ne2 h5 10. Be3 Nd7 11. O-O-O Nf8 12. Kb1 h4 13. c4 Bg4 14. Bc1 h3
15. Rhg1 hxg2 16. Rxg2 f5 17. Rdg1 g6 18. Ng3 Bxg3 19. Rxg3 Ne6 20. f3 Bh5 21.
Bxf5 Qxd4 22. Be4 Qe5 23. Rh3 Nd4 24. Qd3 Ne6 25. Qe3 Kf8 26. Re1 f5 27. Qh6+
Qg7 28. Bxf5 Qxh6 29. Bxh6+ Kf7 30. Bg4 Nd4 31. Rd1 Bxg4 32. fxg4 Re4 33. Be3 c5
34. Bxd4 cxd4 35. Rh7+ Ke6 36. Rxb7 Rxg4 37. Re1+ Kf6 38. Rd7 Rh8 39. Re2 Rh3
40. Rd6+ Kf5 41. Rd5+ Kf6 42. Kc2 Rgh4 43. c5 Rxh2 44. Rxh2 Rxh2+ 45. Kb3 Rh5
46. Rd6+ Ke7 47. Kc4 Rh2 48. b4 Rxa2 49. Kb5 g5 50. Rxd4 g4 51. Kc6 g3 52. Rg4
g2 53. Kc7 Rb2 54. c6 a6 55. Kc8 Kd6 56. c7 Rc2 57. Rg6+ Ke7 58. Kb8 Kd7 59.
Rxg2 1-0

[Event "Qatar Masters Open 2023"]
[Site "Doha QAT"]
[Date "2023.10.17"]
[Round "6.66"]
[White "Rakhmatullaev, Almas"]
[Black "Karthik, Rajaa"]
[Result "1-0"]
[WhiteTitle "IM"]
[BlackTitle "FM"]
[WhiteElo "2389"]
[BlackElo "2309"]
[WhiteFideId "14205793"]
[BlackFideId "25035215"]
[EventDate "2023.10.11"]

1. e4 c5 2. Nf3 d6 3. d4 cxd4 4. Qxd4 Nc6 5. Bb5 Bd7 6. Bxc6 Bxc6 7. Nc3 Nf6 8.
Bg5 e6 9. O-O-O Be7 10. h4 h6 11. Bf4 Qb6 12. Bxd6 Qxd4 13. Rxd4 Bxd6 14. Rxd6
Bxe4 15. Nxe4 Nxe4 16. Rd4 Nf6 17. Rhd1 Ke7 18. Ne5 Rhc8 19. g4 Rc5 20. f4 Rac8
21. c3 R8c7 22. Kb1 Rd5 23. c4 Rxd4 24. Rxd4 h5 25. gxh5 Nxh5 26. b4 Ng3 27. c5
Nf5 28. Rd3 Nxh4 29. b5 f6 30. b6 axb6 31. cxb6 Rc5 32. Rd7+ Ke8 33. Rxb7 fxe5
34. a4 exf4 35. Rxg7 Rc4 36. b7 Rb4+ 37. Kc2 f3 38. Kc3 Rb1 39. Rg8+ Kd7 40.
b8=Q Rxb8 41. Rxb8 f2 42. Rb1 Nf5 43. a5 Kc7 44. a6 Nd6 45. Kd4 Nb5+ 46. Kc5 Nc3
47. Rb7+ Kc8 48. Rf7 Kb8 49. Kc6 f1=Q 50. Rxf1 Ka7 51. Rc1 Ne2 52. Re1 Nd4+ 53.
Kc5 Nb3+ 54. Kb5 Nd4+ 55. Kc4 e5 56. Rxe5 Nc6 57. Re6 Nb8 58. Kb5 1-0

[Event "Qatar Masters Open 2023"]
[Site "Doha QAT"]
[Date "2023.10.17"]
[Round "6.67"]
[White "Ilamparthi, A R"]
[Black "Senthil, Maran K"]
[Result "1-0"]
[WhiteTitle "IM"]
[BlackTitle "FM"]
[WhiteElo "2387"]
[BlackElo "2298"]
[WhiteFideId "45015775"]
[BlackFideId "25035681"]
[EventDate "2023.10.11"]

1. e4 c6 2. d4 d5 3. e5 Bf5 4. h4 Qc8 5. Be3 h6 6. h5 a6 7. Nc3 e6 8. g4 Bh7 9.
Bd3 Bxd3 10. Qxd3 c5 11. Nge2 cxd4 12. Nxd4 Nc6 13. f4 Nxd4 14. Bxd4 Ne7 15.
O-O-O Nc6 16. Bf2 Nb4 17. Qf3 Qc7 18. a3 Nc6 19. Rxd5 exd5 20. Nxd5 Qc8 21. Nb6
Qb8 22. Qd5 Qd8 23. Nxa8 Qxa8 24. e6 fxe6 25. Qxe6+ Be7 26. Rd1 Rf8 27. Bc5 Qb8
28. Bd6 Qa7 29. Re1 Rf7 30. Qc8+ Nd8 31. Bc7 Qd4 32. Rd1 Qf6 33. Qd7+ Kf8 34.
Bxd8 Kg8 35. Bxe7 Rxe7 36. Qd8+ Kh7 37. Kb1 Qe6 38. g5 hxg5 39. fxg5 Qe3 40. Rd5
Re8 41. Qd7 Qf3 42. Qf5+ Qxf5 43. Rxf5 Re1+ 44. Ka2 Rh1 45. h6 gxh6 46. gxh6 Kg6
47. Rd5 Rh2 48. Kb3 Kxh6 49. Rd7 a5 50. Rxb7 a4+ 51. Kxa4 Rxc2 52. b4 Kg6 53.
Re7 1-0

[Event "Qatar Masters Open 2023"]
[Site "Doha QAT"]
[Date "2023.10.17"]
[Round "6.69"]
[White "Nandhidhaa, P V"]
[Black "Manish Anto, Cristiano F"]
[Result "1/2-1/2"]
[WhiteTitle "WGM"]
[BlackTitle "IM"]
[WhiteElo "2260"]
[BlackElo "2368"]
[WhiteFideId "5050847"]
[BlackFideId "25095927"]
[EventDate "2023.10.11"]

1. d4 d5 2. c4 e6 3. Nc3 a6 4. cxd5 exd5 5. Nf3 h6 6. h3 Nf6 7. Bf4 Bd6 8. Bxd6
Qxd6 9. Qc2 Be6 10. e3 Nbd7 11. Bd3 O-O 12. O-O Rac8 13. Rfd1 Qe7 14. Rac1 Ne8
15. e4 dxe4 16. Bxe4 c6 17. d5 cxd5 18. Bxd5 Ndf6 19. Qe2 Rd8 20. Bxe6 Rxd1+ 21.
Rxd1 Qxe6 22. Qxe6 fxe6 23. Ne5 Nc7 24. Rd6 Ncd5 25. Rxe6 Nxc3 26. bxc3 Rc8 27.
c4 Ne4 28. Re7 Nd6 29. g4 Nxc4 30. Ng6 Rc6 31. Nf4 g5 32. Ne6 b5 33. Nd4 Rf6 34.
Ra7 Ne5 35. Kg2 Nd3 36. Nf5 Nb4 37. a3 Nc2 38. Ne7+ Kf8 39. Nd5 Rd6 40. Nb4 Nxa3
41. Nxa6 Nc2 42. Nc5 Ne1+ 43. Kf1 Nd3 44. Nxd3 Rxd3 45. Rb7 Rxh3 1/2-1/2

[Event "Qatar Masters Open 2023"]
[Site "Doha QAT"]
[Date "2023.10.17"]
[Round "6.70"]
[White "Tissir, Mohamed"]
[Black "Rakshitta, Ravi"]
[Result "1-0"]
[WhiteTitle "IM"]
[BlackTitle "WGM"]
[WhiteElo "2344"]
[BlackElo "2272"]
[WhiteFideId "9000240"]
[BlackFideId "25073230"]
[EventDate "2023.10.11"]

1. e4 e5 2. Nf3 Nc6 3. Bc4 Bc5 4. c3 Nf6 5. d3 O-O 6. a4 a5 7. Bg5 h6 8. Bh4 Be7
9. Bg3 d6 10. Nbd2 Be6 11. O-O Qd7 12. Re1 Rfe8 13. Bb5 Nh5 14. d4 Nxg3 15. hxg3
exd4 16. cxd4 d5 17. Ne5 Qd6 18. exd5 Bxd5 19. Ndc4 Qf6 20. Ne3 Red8 21. N5g4
Qxd4 22. Qxd4 Nxd4 23. Nxd5 Rxd5 24. Rxe7 Nxb5 25. axb5 Rxb5 26. Rxc7 Rxb2 27.
Rd1 Re8 28. Ne3 a4 29. Rdd7 a3 30. Rxf7 Rxe3 31. Rxg7+ Kf8 32. Rcf7+ Ke8 33. Rc7
Kf8 34. Rgf7+ Kg8 35. fxe3 a2 36. Rf1 Rb1 37. Rc8+ Kg7 38. Ra8 Rb2 39. Kh2 Rb1
40. Kg1 Rb2 41. e4 b5 42. e5 b4 43. e6 1-0

[Event "Qatar Masters Open 2023"]
[Site "Doha QAT"]
[Date "2023.10.17"]
[Round "6.71"]
[White "Balajayeva, Khanim"]
[Black "Enkhtuul, Altan-Ulzii"]
[Result "1/2-1/2"]
[WhiteTitle "IM"]
[BlackTitle "WGM"]
[WhiteElo "2340"]
[BlackElo "2231"]
[WhiteFideId "13406396"]
[BlackFideId "4901444"]
[EventDate "2023.10.11"]

1. e4 Nf6 2. e5 Nd5 3. d4 d6 4. c4 Nb6 5. exd6 exd6 6. Nc3 Nc6 7. Be3 Be7 8. b3
O-O 9. Be2 Bf6 10. Rc1 Re8 11. Nf3 Bg4 12. O-O d5 13. c5 Nc8 14. Ne1 Bxe2 15.
Nxe2 N8e7 16. Ng3 g6 17. Nc2 Qd7 18. Qf3 Bg7 19. Rfe1 Nd8 20. Bg5 Ne6 21. Bf6
Nc6 22. Bxg7 Kxg7 23. h4 h5 24. Rcd1 Qd8 25. Ne3 Ncxd4 26. Qxd5 Qxd5 27. Nxd5
Rad8 28. Nc3 Nc2 29. Rxd8 Rxd8 30. Re4 Nxc5 31. Rc4 b6 32. Nb5 Rd1+ 33. Kh2 Rd2
34. b4 Ne6 35. Ne4 Re2 36. Kg3 a6 37. Nxc7 Nxc7 38. Rxc7 Rxe4 39. Rxc2 Rxb4 40.
Rc6 a5 41. Kf3 b5 42. Rb6 Rb2 43. a3 a4 44. g3 Kf8 45. Rb7 Ke8 46. Ke3 f6 47.
Ke4 Rxf2 48. Rxb5 Re2+ 49. Kf4 Rf2+ 50. Ke4 f5+ 51. Ke3 Ra2 52. Rb6 Kf7 53. Ra6
Rxa3+ 54. Kf4 Kg7 55. Ra7+ Kh6 56. Ra8 Kg7 57. Ra7+ Kf8 58. Ra6 Kf7 59. Ra7+ Ke8
60. Ra6 Ra1 61. Kg5 Rg1 62. Kxg6 Rxg3+ 63. Kxh5 a3 64. Ra4 Kf7 65. Kh6 Kf6 66.
h5 1/2-1/2

[Event "Qatar Masters Open 2023"]
[Site "Doha QAT"]
[Date "2023.10.17"]
[Round "6.72"]
[White "Rohith, Krishna S"]
[Black "Mammadova, Gulnar"]
[Result "1/2-1/2"]
[WhiteTitle "IM"]
[BlackTitle "IM"]
[WhiteElo "2434"]
[BlackElo "2346"]
[WhiteFideId "46617051"]
[BlackFideId "13403508"]
[EventDate "2023.10.11"]

1. d4 Nf6 2. c4 e6 3. Nf3 d5 4. Nc3 Be7 5. Bf4 O-O 6. e3 Nbd7 7. c5 Nh5 8. Bd3
Nxf4 9. exf4 b6 10. b4 a5 11. a3 c6 12. O-O Ba6 13. Re1 Bf6 14. Ne5 Bxe5 15.
fxe5 Bxd3 16. Qxd3 Ra7 17. f4 Qa8 18. Rac1 axb4 19. axb4 bxc5 20. bxc5 f5 21.
exf6 Rxf6 22. g3 Ra3 23. Qc2 Nf8 24. Rb1 Rf7 25. Rb6 Nd7 26. Rb3 Nf8 27. Rb6 Nd7
28. Rb3 Nf8 29. Reb1 Rxb3 30. Qxb3 Qa6 31. Rb2 g5 32. Ne2 gxf4 33. Ra2 Qb7 34.
Qxb7 Rxb7 35. Nxf4 Kf7 36. Ra6 Ng6 37. Kf2 Nxf4 38. gxf4 Rc7 39. Kf3 Kf6 40. h3
Kf5 41. Ra8 Kf6 42. Rf8+ Kg7 43. Re8 Kf7 44. Rh8 Kg7 45. Re8 1/2-1/2

[Event "Qatar Masters Open 2023"]
[Site "Doha QAT"]
[Date "2023.10.17"]
[Round "6.74"]
[White "Nagarkatte Vedant"]
[Black "Hari, Madhavan N B"]
[Result "1/2-1/2"]
[WhiteTitle "FM"]
[BlackTitle "IM"]
[WhiteElo "2345"]
[BlackElo "2408"]
[WhiteFideId "25636227"]
[BlackFideId "25054309"]
[EventDate "2023.10.11"]

1. e4 e6 2. d4 d5 3. e5 c5 4. c3 Nc6 5. Nf3 Qb6 6. Bd3 cxd4 7. O-O Bd7 8. Re1
Nge7 9. h4 Nf5 10. Bxf5 exf5 11. cxd4 Be6 12. Nc3 h6 13. Ne2 Be7 14. Nf4 O-O 15.
Re2 Rac8 16. Be3 Na5 17. b3 Rc7 18. Rc1 Rfc8 19. Rxc7 Qxc7 20. g3 Ba3 21. Nxe6
fxe6 22. Ne1 Nc6 23. Rc2 Qd7 24. Nd3 Nb4 25. Nxb4 Bxb4 26. Qc1 Rxc2 27. Qxc2 Be7
28. Qc1 Kf7 29. Qd1 Kg8 30. Qc1 Kf7 31. Qd1 Kg8 32. Qc1 1/2-1/2

[Event "Qatar Masters Open 2023"]
[Site "Doha QAT"]
[Date "2023.10.17"]
[Round "6.75"]
[White "Akshat, Khamparia"]
[Black "Singh, Ojasva"]
[Result "0-1"]
[WhiteTitle "IM"]
[BlackTitle "FM"]
[WhiteElo "2393"]
[BlackElo "2324"]
[WhiteFideId "5016541"]
[BlackFideId "25681958"]
[EventDate "2023.10.11"]

1. d4 d5 2. c4 c6 3. Nf3 Nf6 4. e3 e6 5. Nbd2 Nbd7 6. b3 Ne4 7. Bb2 f5 8. Bd3
Bd6 9. Ne5 Nxe5 10. dxe5 Bb4 11. Bxe4 fxe4 12. a3 Bxd2+ 13. Qxd2 dxc4 14. Qb4
Qd3 15. bxc4 b6 16. Rd1 c5 17. Rxd3 cxb4 18. Rd4 bxa3 19. Bxa3 Ba6 20. O-O Kf7
21. Rxe4 Rhc8 22. Rc1 Bb7 23. Rd4 Bc6 24. f3 b5 25. Rb1 a6 26. Bd6 bxc4 27. Rxc4
Bb5 28. Rf4+ Kg8 29. Kf2 Rc2+ 30. Kg3 Rac8 31. h4 h5 32. Rfb4 Re2 33. R1b2 Rcc2
34. Rxc2 Rxc2 35. Rb1 Kf7 36. e4 Kg6 37. Bb4 Kh6 38. Rd1 Kg6 39. Rd6 Kf7 40. Rb6
Bf1 41. Rb7+ Kg8 42. Rb8+ Kh7 43. Bf8 Rxg2+ 44. Kf4 Bb5 45. Rb6 Kg8 46. Bb4 Kf7
47. Rb7+ Kg8 48. Re7 Bc4 49. Re8+ Kh7 50. Rc8 Bb5 51. Ke3 Rb2 52. Bc3 Rh2 53.
Rc7 Rxh4 54. Re7 Bc4 55. Rc7 Ba2 56. f4 Bb1 57. Rb7 Rh3+ 58. Kd4 Rd3+ 59. Kc4
Rd1 60. Rb6 Bxe4 61. Kc5 h4 62. Rb4 h3 0-1

[Event "Qatar Masters Open 2023"]
[Site "Doha QAT"]
[Date "2023.10.17"]
[Round "6.76"]
[White "Savitha, Shri B"]
[Black "Kwon, Sehyun"]
[Result "1-0"]
[WhiteTitle "WGM"]
[BlackTitle "FM"]
[WhiteElo "2375"]
[BlackElo "2313"]
[WhiteFideId "35061887"]
[BlackFideId "13203088"]
[EventDate "2023.10.11"]

1. e4 c5 2. Nf3 Nc6 3. d4 cxd4 4. Nxd4 e5 5. Nb5 d6 6. c4 g6 7. N1c3 a6 8. Na3
Bg7 9. Be3 Be6 10. Be2 Nf6 11. O-O O-O 12. Qd2 Rc8 13. Rfd1 Nd4 14. f3 h5 15.
Bf1 h4 16. Bxd4 exd4 17. Ne2 Bxc4 18. Nxc4 Rxc4 19. b3 Rc8 20. Rab1 Nh5 21. Nxd4
d5 22. Qf2 Qg5 23. exd5 Nf4 24. Kh1 Nxd5 25. Rd3 Nf4 26. Rd2 Nh5 27. Rbd1 Rfd8
28. Nc2 Re8 29. Rd7 b5 30. Nb4 Be5 31. Nd3 Bb8 32. f4 Nxf4 33. Nb4 Re6 34. a4
Kg7 35. axb5 axb5 36. Nd5 Qg4 37. Nxf4 Bxf4 38. Bxb5 Rf6 39. Bc4 Rf8 40. Qb2 h3
41. R7d3 Be5 42. Qd2 Rh8 43. gxh3 Rxh3 44. Rxh3 Qxh3 45. Qg2 Qh4 46. Rf1 Bf4 47.
Qf2 Qh5 48. Qe2 Qc5 49. Qe4 g5 50. Kg2 Rh6 51. h3 Qc8 52. Rf3 Rf6 53. Rf1 Qh8
54. Qe2 Qh4 55. Qg4 Qh7 56. Rf2 Qe4+ 57. Qf3 Qe5 58. Qg4 Rh6 59. Qd7 Qe4+ 60.
Rf3 Rf6 61. Qd3 Qe1 62. Rf1 1-0

[Event "Qatar Masters Open 2023"]
[Site "Doha QAT"]
[Date "2023.10.17"]
[Round "6.77"]
[White "Dragicevic, Drazen"]
[Black "Chan, Kim Yew"]
[Result "1/2-1/2"]
[WhiteTitle "FM"]
[BlackTitle "FM"]
[WhiteElo "2354"]
[BlackElo "2292"]
[WhiteFideId "1707922"]
[BlackFideId "5717981"]
[EventDate "2023.10.11"]

1. e4 c5 2. Nf3 e6 3. d4 cxd4 4. Nxd4 Nc6 5. Nc3 Qc7 6. Be3 a6 7. Qf3 Nf6 8.
O-O-O Ne5 9. Qg3 b5 10. a3 Bb7 11. Bxb5 Rc8 12. Ba4 Nxe4 13. Nxe4 Bxe4 14. Bf4
Qc4 15. Bxe5 Qxa4 16. Rd2 f6 17. Bd6 Kf7 18. Re1 Bg6 19. Ree2 Qc4 20. b3 Qc3 21.
Qxc3 Rxc3 22. Bxf8 Rxf8 23. Kb2 Rfc8 24. f4 Bh5 25. Re1 h6 26. b4 g5 27. Nb3
R3c7 28. fxg5 hxg5 29. Nc5 Ke7 30. Nxa6 Rb7 31. Ka2 d6 32. Re3 Rb6 33. b5 Rxb5
34. Nb4 e5 35. Red3 Bf7+ 36. Kb2 d5 37. c3 Rcc5 38. Rh3 Bg6 39. Rh6 Kf7 40. Rh8
Be4 41. Rf2 Rc4 42. Ra8 Rb7 43. Ra6 f5 44. Rd2 Rc5 45. g3 f4 46. gxf4 gxf4 47.
h4 Rbc7 48. Rd6 Rxc3 49. R6xd5 Bxd5 50. Nxd5 R3c5 51. Nxc7 Rxc7 52. h5 Kf6 53.
h6 e4 54. Rh2 Rh7 55. Kc3 Kf5 56. Kd2 Ke5 57. Ke2 Kd4 58. Rh4 f3+ 59. Kd2 f2 60.
Ke2 Rf7 61. Rh1 e3 1/2-1/2

[Event "Qatar Masters Open 2023"]
[Site "Doha QAT"]
[Date "2023.10.17"]
[Round "6.78"]
[White "Karamsetty, Jeevan"]
[Black "Aayush, Bhattacherjee"]
[Result "1-0"]
[BlackTitle "FM"]
[WhiteElo "2300"]
[BlackElo "2444"]
[WhiteFideId "2025337"]
[BlackFideId "35029070"]
[EventDate "2023.10.11"]

1. e4 e6 2. d3 d5 3. Nd2 c5 4. Ngf3 Nc6 5. g3 Nf6 6. Bg2 Be7 7. O-O O-O 8. Re1
b6 9. exd5 Nxd5 10. a3 Bb7 11. h4 Qd7 12. Nc4 Bf6 13. g4 b5 14. g5 bxc4 15. dxc4
Nb6 16. gxf6 Qxd1 17. Rxd1 Rfd8 18. Bg5 h6 19. Be3 Nxc4 20. Bxc5 Nxb2 21. Rdb1
Na4 22. Be3 Ba6 23. fxg7 Nc3 24. Re1 Kxg7 25. Kh2 Nd5 26. Rg1 Nxe3 27. fxe3 Kf6
28. Bf1 Bb7 29. Bd3 Ne5 30. Nxe5 Kxe5 31. Rg7 Rd7 32. Rf1 Rf8 33. Rf4 Kd6 34.
Rh7 f6 35. Rd4+ Bd5 36. Rxd7+ Kxd7 37. e4 1-0

[Event "Qatar Masters Open 2023"]
[Site "Doha QAT"]
[Date "2023.10.18"]
[Round "7.1"]
[White "Carlsen, Magnus"]
[Black "Karthikeyan, Murali"]
[Result "0-1"]
[WhiteTitle "GM"]
[BlackTitle "GM"]
[WhiteElo "2839"]
[BlackElo "2611"]
[WhiteFideId "1503014"]
[BlackFideId "5074452"]
[EventDate "2023.10.11"]

1. e4 e5 2. Nf3 Nc6 3. Bb5 a6 4. Ba4 Nf6 5. Nc3 b5 6. Bb3 Bc5 7. Nd5 d6 8. c3
Be6 9. d4 exd4 10. cxd4 Bxd5 11. exd5 Bb4+ 12. Kf1 Ne7 13. Qd3 Qd7 14. h4 h6 15.
h5 Nexd5 16. Rh4 O-O-O 17. a3 Ba5 18. a4 Bb6 19. Nd2 Rhe8 20. axb5 axb5 21. Ne4
Kb7 22. Qf3 Qc6 23. Bxh6 Rxe4 24. Rxe4 gxh6 25. Ree1 Kb8 26. Re2 Qb7 27. Bxd5
Nxd5 28. Qxf7 c6 29. Qxb7+ Kxb7 30. Rd1 Kc7 31. Re6 Rf8 32. Rd2 Rf6 33. Re4 Kd7
34. g3 Rf5 35. g4 Rf7 36. Rd3 Nc7 37. Ree3 Ne6 38. d5 cxd5 39. Rf3 Rg7 40. Rxd5
Rxg4 41. Rf6 Bd4 42. Rxh6 Rf4 43. Rxb5 Rxf2+ 44. Ke1 Nc5 45. Kd1 Be3 0-1

[Event "Qatar Masters Open 2023"]
[Site "Doha QAT"]
[Date "2023.10.18"]
[Round "7.4"]
[White "Narayanan, S.L."]
[Black "Sindarov, Javokhir"]
[Result "1/2-1/2"]
[WhiteTitle "GM"]
[BlackTitle "GM"]
[WhiteElo "2651"]
[BlackElo "2658"]
[WhiteFideId "5058422"]
[BlackFideId "14205483"]
[EventDate "2023.10.11"]

1. Nf3 Nf6 2. c4 b6 3. d4 Bb7 4. g3 g6 5. Bg2 Bg7 6. O-O O-O 7. d5 Na6 8. Nc3
Nc5 9. Re1 e6 10. Be3 Nfe4 11. Nxe4 Nxe4 12. Bd4 c5 13. dxc6 dxc6 14. Bxg7 Kxg7
15. Qc2 c5 16. Ne5 Qd4 17. Ng4 Nd6 18. Bxb7 Nxb7 19. e4 Qd8 20. Rad1 Qc7 21. Rd3
Rad8 22. Qd2 f6 23. Qh6+ Kg8 24. Red1 Rxd3 25. Rxd3 Na5 26. Qh4 Kg7 27. Qh6+ Kg8
28. Qh4 Kg7 29. Qh6+ Kg8 30. Qh4 Kg7 1/2-1/2

[Event "Qatar Masters Open 2023"]
[Site "Doha QAT"]
[Date "2023.10.18"]
[Round "7.7"]
[White "Giri, Anish"]
[Black "Karthik, Venkataraman"]
[Result "1-0"]
[WhiteTitle "GM"]
[BlackTitle "GM"]
[WhiteElo "2760"]
[BlackElo "2563"]
[WhiteFideId "24116068"]
[BlackFideId "25006479"]
[EventDate "2023.10.11"]

1. d4 d5 2. Nf3 Nf6 3. e3 c6 4. h3 Bf5 5. g4 Bg6 6. Ne5 Nfd7 7. Nxg6 hxg6 8. c4
e6 9. Nd2 dxc4 10. Bxc4 Nb6 11. Bb3 N8d7 12. Nf3 Bd6 13. e4 c5 14. Be3 O-O 15.
O-O cxd4 16. Bxd4 Bc5 17. Bc3 Qe7 18. a3 Rac8 19. Rc1 Rfd8 20. Qe2 Bd6 21. e5
Bc5 22. Bd2 Qe8 23. h4 Be7 24. h5 Nf8 25. h6 Rxc1 26. Rxc1 Rc8 27. Rd1 gxh6 28.
Bxh6 Rd8 29. Rc1 Rc8 30. Rd1 Rd8 31. Rc1 Rc8 32. Re1 Na4 33. Kg2 a6 34. Rh1 Nh7
35. Qe3 Qc6 36. Qf4 Nxb2 37. Qh2 Qe4 38. Bg5 Qxg4+ 39. Kf1 Qh5 40. Qxh5 gxh5 41.
Bxe7 Rc3 42. Rg1+ Kh8 43. Nd2 Nd3 44. Rg3 Rc1+ 45. Kg2 Nxe5 46. Bb4 h4 47. Rc3
Re1 48. Rc8+ Kg7 49. Nc4 Rc1 50. Bd2 1-0

[Event "Qatar Masters Open 2023"]
[Site "Doha QAT"]
[Date "2023.10.18"]
[Round "7.8"]
[White "Kaidanov, Gregory"]
[Black "Van Foreest, Jorden"]
[Result "1-0"]
[WhiteTitle "GM"]
[BlackTitle "GM"]
[WhiteElo "2554"]
[BlackElo "2707"]
[WhiteFideId "2008564"]
[BlackFideId "1039784"]
[EventDate "2023.10.11"]

1. d4 Nf6 2. c4 c6 3. Nc3 d5 4. e3 e6 5. Nf3 Be7 6. Bd3 dxc4 7. Bxc4 b5 8. Bd3
b4 9. Ne4 Nbd7 10. Nxf6+ Nxf6 11. e4 Bb7 12. O-O O-O 13. e5 Nd7 14. Be4 Qb6 15.
Bg5 Bxg5 16. Bxh7+ Kxh7 17. Nxg5+ Kg6 18. Qg4 f5 19. Qg3 Qxd4 20. Ne4+ Kh7 21.
Qh4+ Kg6 22. Qg5+ Kf7 23. Rad1 Qxe5 24. Rxd7+ Kg8 25. Rxb7 Qxb2 26. Nc5 Rf7 27.
Rxf7 Kxf7 28. Rd1 Qe5 29. Rd7+ Kg8 30. h4 Re8 31. Qg6 1-0

[Event "Qatar Masters Open 2023"]
[Site "Doha QAT"]
[Date "2023.10.18"]
[Round "7.9"]
[White "Shimanov, Aleksandr"]
[Black "Fedoseev, Vladimir3"]
[Result "1-0"]
[WhiteTitle "GM"]
[BlackTitle "GM"]
[WhiteElo "2566"]
[BlackElo "2691"]
[WhiteFideId "4198603"]
[BlackFideId "24130737"]
[EventDate "2023.10.11"]

1. Nf3 Nf6 2. c4 c5 3. Nc3 e6 4. g3 b6 5. Bg2 Bb7 6. O-O Be7 7. d4 Ne4 8. d5
Nxc3 9. bxc3 Bf6 10. Bf4 O-O 11. e4 Bxc3 12. Rc1 Ba5 13. e5 exd5 14. cxd5 f6 15.
Qb3 Kh8 16. exf6 Rxf6 17. Ne5 Qf8 18. Nc4 Ba6 19. Nxa5 Bxf1 20. Rxf1 bxa5 21.
Qb7 Na6 22. d6 1-0

[Event "Qatar Masters Open 2023"]
[Site "Doha QAT"]
[Date "2023.10.18"]
[Round "7.10"]
[White "Oparin, Grigoriy"]
[Black "Adhiban, Baskaran"]
[Result "1-0"]
[WhiteTitle "GM"]
[BlackTitle "GM"]
[WhiteElo "2681"]
[BlackElo "2551"]
[WhiteFideId "24125890"]
[BlackFideId "5018471"]
[EventDate "2023.10.11"]

1. e4 e6 2. d4 d5 3. Nc3 Bb4 4. e5 c5 5. a3 Bxc3+ 6. bxc3 Ne7 7. h4 Qc7 8. h5 h6
9. Bd2 Nbc6 10. Qg4 Rg8 11. Nf3 c4 12. Qf4 Bd7 13. g3 Qa5 14. Bh3 Qa4 15. Ra2
O-O-O 16. Qe3 Kb8 17. O-O Ka8 18. Qe2 Nc8 19. Nh4 Nb6 20. Kh2 Qa5 21. f4 g6 22.
g4 gxh5 23. gxh5 Nxd4 24. cxd4 c3 25. Be3 Bb5 26. Qf2 Bxf1 27. Bxf1 Nc4 28. Bxc4
dxc4 29. Ra1 Qd5 30. Qf3 Qb5 31. f5 Qb2 32. Qd1 Qb5 33. Rb1 Qa4 34. fxe6 fxe6
35. Ng6 Rg7 36. Rb4 Qxa3 37. Rxc4 Qa5 38. d5 exd5 39. Rc5 Qa6 40. Qd4 Rgg8 41.
e6 Rdf8 42. Kg3 Qd6+ 43. Kg2 Qa6 44. Bf2 Rd8 45. Rxc3 Rge8 46. e7 Rd6 47. Rf3 b6
48. Rf8 Qc8 49. Qa4 Rc6 50. Bxb6 Rxc2+ 51. Bf2 Rxf2+ 52. Rxf2 1-0

[Event "Qatar Masters Open 2023"]
[Site "Doha QAT"]
[Date "2023.10.18"]
[Round "7.11"]
[White "Aryan, Chopra"]
[Black "Fawzy, Adham"]
[Result "1/2-1/2"]
[WhiteTitle "GM"]
[BlackTitle "GM"]
[WhiteElo "2634"]
[BlackElo "2535"]
[WhiteFideId "5084423"]
[BlackFideId "10613129"]
[EventDate "2023.10.11"]

1. e4 c5 2. Nf3 Nc6 3. d4 cxd4 4. Nxd4 Nf6 5. Nc3 e5 6. Ndb5 d6 7. Nd5 Nxd5 8.
exd5 Ne7 9. c4 Ng6 10. Qa4 Bd7 11. Qb4 Qb8 12. h4 h5 13. Be3 a6 14. Nc3 Be7 15.
Na4 Qc7 16. Nb6 Rb8 17. O-O-O Nxh4 18. Nxd7 Qxd7 19. c5 Nf5 20. c6 Qc7 21. Ba7
O-O 22. Rxh5 g6 23. Rh3 bxc6 24. Bxb8 Rxb8 25. Qc4 Rb5 26. Kb1 c5 27. Qa4 Rb8
28. Rb3 Rxb3 29. Qxb3 Nd4 30. Qa4 a5 31. Qe8+ Kg7 32. Bc4 Bf8 33. Rf1 Qe7 34.
Qxe7 Bxe7 35. b3 f5 36. Kb2 Bd8 37. Ka3 Bg5 38. Rd1 Bh4 39. g3 Bd8 40. Ka4 e4
41. Rh1 Bc7 42. g4 Bb6 43. gxf5 gxf5 44. Rh2 Bd8 45. Ba6 Bb6 46. Bc4 Bd8 1/2-1/2